|
|
|
|
| LEADER |
01048nam a2200361 4500 |
| 001 |
DLU030022846 |
| 005 |
##20020117160358.0 |
| 008 |
##991112s1999 ne b 001 0 eng |
| 010 |
# |
# |
|a 99058394
|
| 020 |
# |
# |
|a 0792361237 (alk. paper)
|
| 040 |
# |
# |
|a DLC
|c DLC
|d DLC
|
| 042 |
# |
# |
|a pcc
|
| 050 |
# |
# |
|a TP248.25.S47
|b E97 1999
|
| 082 |
# |
# |
|a 660.63
|b Exp
|
| 245 |
# |
# |
|a Expanded bed chromatography /
|c edited by Bo Mattiasson.
|
| 260 |
# |
# |
|a Dordrecht ;
|a Boston :
|b Kluwer Academic,
|c c1999.
|
| 300 |
# |
# |
|a v, 271 p. :
|b ill. ;
|c 27 cm.
|
| 500 |
# |
# |
|a Vol. 8, no. 1/5, 1999, of Bioseparation.
|
| 504 |
# |
# |
|a Includes bibliographical references and index.
|
| 650 |
# |
# |
|a Biomolecules
|x Separation.
|
| 650 |
# |
# |
|a Biotechnology
|x Technique.
|
| 650 |
# |
# |
|a Liquid chromatography.
|
| 700 |
# |
# |
|a Mattiasson, Bo,
|d 1945-
|
| 730 |
# |
# |
|a Bioseparation.
|
| 992 |
# |
# |
|a 130
|
| 994 |
# |
# |
|a DLU
|
| 900 |
# |
# |
|a True
|
| 911 |
# |
# |
|a Lê Thị Mạnh Xuân
|
| 925 |
# |
# |
|a G
|
| 926 |
# |
# |
|a A
|
| 927 |
# |
# |
|a SH
|
| 980 |
# |
# |
|a Thư viện Trường Đại học Đà Lạt
|